Normal view
MARC view
- Mindfulness Meditation
Entry Topical Term
001 - CONTROL NUMBER
- control field: 7143
003 - CONTROL NUMBER IDENTIFIER
- control field: BD-DhIUB
005 - DATE AND TIME OF LATEST TRANSACTION
- control field: 20260418170651.0
008 - FIXED-LENGTH DATA ELEMENTS
- fixed length control field: 260418|| aca||babn | a|a d
040 ## - CATALOGING SOURCE
- Original cataloging agency: BD-DhIUB
150 ## - HEADING--TOPICAL TERM
- Topical term or geographic name as entry element: Mindfulness Meditation